000 00539nam a22001577a 4500
003 OSt
008 260423b |||||||| |||| 00| 0 eng d
082 _a635.35
_bM27S
100 _aKumar, Mahesh
245 _aStudies on the Effect of Different Levels of Fertilizers and Plant Densities on Growth, Yield and Quality of Hybrid & Syntehtic Cauliflower (Brassica Oleracea var. Botrytis L.)
260 _aPusa, Samastipur
_bBAC, Sabour & RAU, Pusa
_c2007
300 _a88P.
502 _bMsc.
_d2007
650 _aHorticultre
942 _2ddc
_cT
999 _c50159
_d50159